Land vs. Land #57 - Statistiken

Allgemein
  • Dieses Quiz wurde 27 mal gespielt
  • Das Durchschnittsergebnis liegt bei 13 aus 14
Antwortstatistiken
Frage Antwort % Korrekt
...Bruttoinlandsprodukt? Vereinigtes Königreich🇬🇧
100%
...Militär? Vereinigtes Königreich🇬🇧
100%
...Fläche? Vereinigtes Königreich🇬🇧
96%
...Einwohner? Vereinigtes Königreich🇬🇧
96%
...Gesundheitswesen? Vereinigtes Königreich🇬🇧
96%
...Lebenserwartung? Vereinigtes Königreich🇬🇧
96%
...durchschnittlicher IQ? Vereinigtes Königreich🇬🇧
96%
...Exportmengen? Vereinigtes Königreich🇬🇧
96%
...Gewinner? Vereinigtes Königreich🇬🇧
96%
...Bruttoinlandsprodukt pro Kopf? Vereinigtes Königreich🇬🇧
88%
...HDI (Human Development Index)? Vereinigtes Königreich🇬🇧
88%
...Frieden? Vereinigtes Königreich🇬🇧
83%
...Tourismus? Vereinigtes Königreich🇬🇧
79%
...Happy Planet Index? Vereinigtes Königreich🇬🇧
67%
Keine übereinstimmenden Quizze gefunden
Verteilung der Resultate
Anzahl Personen mit jedem Resultat
Perzentil nach korrekt beantworteten Fragen
Ihre Resultats-Entwicklung
Sie haben dieses Quiz noch nicht gespielt